[Event "Timbo U2400 op"]
[Site "Timbo"]
[Date "2025.02.16"]
[Round "5"]
[White "Da Silva, Eike Teodoro"]
[Black "Bonfim, Rodrigo Rosa"]
[Result "0-1"]
[WhiteElo "1488"]
[BlackElo "1732"]
[PlyCount "101"]
[EventDate "2025.02.14"]
[EventType "swiss"]
[EventRounds "6"]
[EventCountry "BRA"]
[SourceTitle "CB10_2025"]
[SourceDate "2025.03.05"]
[SourceVersion "1"]
[SourceVersionDate "2025.03.05"]
[SourceQuality "1"]

1. c4 c6 2. g3 d5 3. Bg2 Nf6 4. Nf3 Bf5 5. Qb3 Qb6 6. d3 e6 7. Be3 Qxb3 8. axb3 a6 9. Nh4 Bg6 10. Nxg6 hxg6 11. 0-0 Ng4 12. h3 Nxe3 13. fxe3 Nd7 14. Nc3 Bd6 15. g4 Nf6 16. Rac1 Nh7 17. d4 Ng5 18. e4 Nxh3+ 19. Bxh3 Rxh3 20. e5 Be7 21. Kg2 Rh4 22. Kg3 Rh6 23. c5 f5 24. b4 Rh4 25. gxf5 gxf5 26. e3 0-0-0 27. Ne2 g5 28. Rh1 Rdh8 29. Kg2 Rxh1 30. Rxh1 Rxh1 31. Kxh1 Kb8 32. Nc1 g4 33. Kg2 Bg5 34. Kf2 g3+ 35. Kxg3 Bxe3 36. Nb3 Kc7 37. Kf3 Bg5 38. Kg3 Kd7 39. Na1 Bc1 40. b3 Bb2 41. Nc2 Ke7 42. Kf4 Kf7 43. Ke3 Kg6 44. Ne1 Bc1+ 45. Kf3 Bd2 46. Nd3 Kg5 47. Ke2 Bc3 48. Ke3 Kg4 49. Nf2+ Kh5 50. Nd3 f4+ 51. Nxf4+ 0-1